Statistiken für Europäische Länder mit dem höchsten muslimischen Bevölkerung

Klicken Sie hier um das Quiz zu spielen!

Allgemein

  • Dieses Quiz wurde 251 mal gespielt
  • Das Durchschnittsergebnis liegt bei 7 aus 10

Antwortstatistiken

%Land% Korrekt
58,8Albanien
93%
50,7Bosnien und Herzegowina
92%
95,6Kosovo
91%
33,3Nordmazedonien
83%
13,4Bulgarien
77%
8,8Frankreich
76%
19,1Montenegro
73%
10 - 17Russland
48%
8,1Schweden
44%
8Österreich
39%

Verteilung der Resultate

Perzentil nach korrekt beantworteten Fragen

Anzahl Personen mit jedem Resultat

Ihre Resultats-Entwicklung

Sie haben dieses Quiz noch nicht gespielt